000 01285cam a2200325 a 4500
001 3013131
003 ARRUPE
005 20131203134148.0
008 940301s1994 pau b 001 0 eng
010 _a 94005007
020 _a0812232852 (acidfree paper)
040 _aDLC
_cDLC
_dDLC
050 0 0 _aPS1342.P5
_bC36 1994
082 0 0 _a818/.409
_220
100 1 _aCamfield, Gregg.
_94747
245 1 0 _aSentimental Twain :
_bSamuel Clemens in the maze of moral philosophy /
_cby Gregg Camfield.
260 _aPhiladelphia :
_bUniversity of Pennsylvania Press,
_cc1994.
300 _axvi, 279 p. ;
_c24 cm.
504 _aIncludes bibliographical references (p. [259]-270) and index.
600 1 0 _aTwain, Mark,
_d1835-1910
_xPhilosophy.
_94748
600 1 0 _aTwain, Mark,
_d1835-1910
_xEthics.
_94749
650 0 _aDidactic fiction, American
_xHistory and criticism.
_94750
650 0 _aSentimentalism in literature.
_94751
650 0 _aPhilosophy in literature.
_94752
650 0 _aEmotions in literature.
_94753
650 0 _aEthics in literature.
_94754
906 _a7
_bcbc
_corignew
_d1
_eocip
_f19
_gy-gencatlg
942 _2lcc
_cMONOGRAPH
999 _c118951
_d118951